Blízcí /
Fotografka Bára se přestěhuje za svým partnerem Igorem na venkov, kde místo klidu narazí na tvrdou realitu. Nepřijetí ze strany jeho přátel a rodiny, v čele s neústupnou a manipulativní matkou Jarkou, ji vrhá do nejistoty. Postrádá starý život, zápasí s tvůrčí krizí a čelí nátlaku ohledně mateřství,...
Uloženo v:
| Hlavní autor: | |
|---|---|
| Další autoři: | , |
| Médium: | E-audiokniha |
| Vydáno: |
Praha :
Albatros Media a.s.,
2025
|
| Tagy: |
Žádné tagy |
| LEADER | 03272nim a22006137i 4500 | ||
|---|---|---|---|
| 001 | 313443 | ||
| 007 | sr nunnnnnnned | ||
| 044 | |a xr | ||
| 100 | 1 | |a González, Veronika |4 aut | |
| 245 | 1 | 0 | |a Blízcí / |c González, Veronika |
| 264 | 1 | |a Praha : |b Albatros Media a.s., |c 2025 | |
| 300 | |a 1 online zdroj (10 hod., 10 min., 0 sek.) | ||
| 336 | |a mluvené slovo |b spw |2 rdacontent | ||
| 337 | |a audio |b s |2 rdamedia | ||
| 338 | |a online zdroj |b cr |2 rdacarrier | ||
| 505 | 0 | 0 | |t 1. Uvod (0 min., 49 sek.) |
| 505 | 0 | 0 | |t 2. Bara radsi zmrznout (50 min., 51 sek.) |
| 505 | 0 | 0 | |t 3. Stoji to za ziti (29 min., 18 sek.) |
| 505 | 0 | 0 | |t 4. Stara vetev (32 min., 16 sek.) |
| 505 | 0 | 0 | |t 5. Abych neuschla (13 min., 46 sek.) |
| 505 | 0 | 0 | |t 6. Scitani ran (19 min., 8 sek.) |
| 505 | 0 | 0 | |t 7. Dokud neshorim (14 min., 32 sek.) |
| 505 | 0 | 0 | |t 8. O dum dal (28 min., 58 sek.) |
| 505 | 0 | 0 | |t 9. Na co nejsem sama (28 min., 42 sek.) |
| 505 | 0 | 0 | |t 10. Malina o velikosti svestky (36 min., 57 sek.) |
| 505 | 0 | 0 | |t 11. Petra Necitlivy oblasti (30 min., 6 sek.) |
| 505 | 0 | 0 | |t 12. Jeden z hezcich veceru (8 min., 28 sek.) |
| 505 | 0 | 0 | |t 13. Kdybych chtela s necim pomoct (16 min., 28 sek.) |
| 505 | 0 | 0 | |t 14. Jako by se to nestalo (20 min., 21 sek.) |
| 505 | 0 | 0 | |t 15. Babovka (5 min., 34 sek.) |
| 505 | 0 | 0 | |t 16. Bara Neni co si vzit (38 min., 49 sek.) |
| 505 | 0 | 0 | |t 17. Petra co by na to rekli (13 min., 4 sek.) |
| 505 | 0 | 0 | |t 18. Blba kunda (5 min., 52 sek.) |
| 505 | 0 | 0 | |t 19. Obycejne hezkej den (12 min., 38 sek.) |
| 505 | 0 | 0 | |t 20. Bara Kvetiny ktere vcely miluji (17 min., 57 sek.) |
| 505 | 0 | 0 | |t 21. Petra co uz ke me nepatri (10 min., 14 sek.) |
| 505 | 0 | 0 | |t 22. Bara Posledni hodiny klidu (10 min., 50 sek.) |
| 505 | 0 | 0 | |t 23. S kym budeme zit (24 min., 7 sek.) |
| 505 | 0 | 0 | |t 24. Petra Nikomu nic nevzkaze (10 min., 27 sek.) |
| 505 | 0 | 0 | |t 25. Bara Zlomili me (36 min., 41 sek.) |
| 505 | 0 | 0 | |t 26. Petra Igorovo Ale (26 min., 18 sek.) |
| 505 | 0 | 0 | |t 27. Bara Uz neni malej kluk (14 min., 57 sek.) |
| 505 | 0 | 0 | |t 28. Petra naposledy (15 min., 31 sek.) |
| 505 | 0 | 0 | |t 29. Maminko promin (6 min., 56 sek.) |
| 505 | 0 | 0 | |t 30. Bara tolik lasky (11 min., 24 sek.) |
| 505 | 0 | 0 | |t 31. Blizci (9 min., 0 sek.) |
| 505 | 0 | 0 | |t 32. Petra nejblizsi (8 min., 30 sek.) |
| 520 | 2 | |a Fotografka Bára se přestěhuje za svým partnerem Igorem na venkov, kde místo klidu narazí na tvrdou realitu. Nepřijetí ze strany jeho přátel a rodiny, v čele s neústupnou a manipulativní matkou Jarkou, ji vrhá do nejistoty. Postrádá starý život, zápasí s tvůrčí krizí a čelí nátlaku ohledně mateřství, na které není připravená. Křehké přátelství s Igorovou vyčerpanou a nejistou švagrovou Petrou jí postupně odhalí palčivé pravdy, které navždy změní její pohled na to, kým je – a kým si myslela, že by chtěla být. | |
| 700 | 1 | |a Stryková, Jana |4 nrt | |
| 700 | 1 | |a Skružná, Kristýna |4 nrt | |
| 910 | |a RBIT002 | ||
| 998 | |d 420803 |a https://core.palmknihy.cz/api/books/420803/cover?sxfrnu |b https://core.palmknihy.cz/api/books/420803/cover/400?sxfrnu |c https://core.palmknihy.cz/api/books/420803/cover/50?sxfrnu |e 2034-12-31 |i 9788026727873 |l 36600 |q 49 |r 1 |s https://www.palmknihy.cz/kniha/420803 |t audiobook |y 2025 |z 1 | ||
| 999 | |d 313441 | ||